[Event "FIDE World Bl Team Pool A"]
[Site "London ENG"]
[Date "2025.06.14"]
[Round "5.4"]
[White "Mesropov, Konstantin"]
[Black "Al-Mudahka, Mohd"]
[Result "1-0"]
[WhiteTitle "IM"]
[BlackTitle "GM"]
[WhiteElo "2458"]
[BlackElo "2542"]
[WhiteTeam "Global Ramblers"]
[BlackTeam "FIDE MB Team"]
[WhiteFideId "4116887"]
[BlackFideId "12100030"]
[EventDate "2025.06.14"]
[EventType "team"]

1. d4 Nf6 2. Bf4 d6 3. e3 g6 4. h3 Bg7 5. Nf3 O-O 6. Be2 Nbd7 7. O-O b6 8. a4 a5
9. Bh2 Bb7 10. c3 Re8 11. Na3 Ne4 12. Nb5 c6 13. Na3 e5 14. dxe5 Nxe5 15. Qc2
Nxf3+ 16. Bxf3 d5 17. Rad1 Qf6 18. Bc7 c5 19. Nb5 Ba6 20. Bxe4 Rxe4 21. Rxd5
Rxa4 22. Qxa4 Qc6 23. c4 Bxb5 24. Qxb5 Qxc7 25. Rfd1 h5 26. b3 Rf8 27. Qd7 Qb8
28. Qe7 Kh7 29. Rd8 Rxd8 30. Rxd8 Qe5 31. Qxe5 Bxe5 32. Rd7 Kg7 33. Rb7 1-0

[Event "FIDE World Bl Team Pool A"]
[Site "London ENG"]
[Date "2025.06.14"]
[Round "5.5"]
[White "Zhu, Chen"]
[Black "Badelka, Olga"]
[Result "1-0"]
[WhiteTitle "GM"]
[BlackTitle "IM"]
[WhiteElo "2423"]
[BlackElo "2424"]
[WhiteTeam "FIDE MB Team"]
[BlackTeam "Global Ramblers"]
[WhiteFideId "8600546"]
[BlackFideId "13509926"]
[EventDate "2025.06.14"]
[EventType "team"]

1. d4 d5 2. c4 e6 3. cxd5 exd5 4. Nc3 c6 5. Nf3 Bd6 6. Bg5 Nf6 7. Qc2 Nbd7 8. e3
O-O 9. Bd3 h6 10. Bh4 Re8 11. O-O Nf8 12. a3 Bg4 13. Nd2 Bh5 14. Bg3 Bg6 15. b4
Bxg3 16. hxg3 Rc8 17. Rfd1 Qd6 18. Rab1 Ng4 19. Nf1 h5 20. Re1 Bxd3 21. Qxd3 Ng6
22. Qf5 Nf6 23. Qg5 b6 24. a4 Rc7 25. a5 Rec8 26. axb6 axb6 27. Rec1 Qe6 28. Rb2
Ra8 29. Rbc2 Rca7 30. Ne2 Rc8 31. b5 Rac7 32. Nf4 Nxf4 33. Qxf4 c5 34. dxc5 bxc5
35. Nd2 Qb6 36. Rb1 c4 37. Nf3 Ra7 38. Nd4 Rca8 39. Nf5 Ra1 40. Rcc1 Rxb1 41.
Rxb1 Ne4 42. Qe5 Nf6 43. Ne7+ Kf8 44. Nxd5 Nxd5 45. Qxd5 Rc8 46. Qf5 Rc5 47. Qh7
c3 48. Qh8+ Ke7 49. Qxg7 c2 50. Rc1 Qxb5 51. Qa1 Qb3 52. Qa7+ Kd6 53. Qa1 Rb5
54. Kh2 Qb1 55. Qf6+ Kc7 56. Qxf7+ Kb6 57. Qg6+ Ka5 58. Qxc2 1-0

[Event "FIDE World Bl Team Pool A"]
[Site "London ENG"]
[Date "2025.06.14"]
[Round "5.6"]
[White "Volkov, Leonid"]
[Black "Zaiarski, Stepan"]
[Result "0-1"]
[WhiteElo "1828"]
[BlackElo "1932"]
[WhiteTeam "Global Ramblers"]
[BlackTeam "FIDE MB Team"]
[WhiteFideId "12848140"]
[BlackFideId "13907000"]
[EventDate "2025.06.14"]
[EventType "team"]

1. e4 e5 2. Nf3 Nc6 3. Bc4 Nf6 4. Ng5 d5 5. exd5 Na5 6. Bb5+ Bd7 7. Qe2 Bd6 8.
Nc3 c6 9. dxc6 Nxc6 10. O-O O-O 11. Ba4 Rc8 12. Nge4 Nxe4 13. Qxe4 Kh8 14. d3
Nd4 15. Bb3 Bc6 16. Qg4 f5 17. Qh5 Nxb3 18. axb3 Bb8 19. Bg5 Qd6 20. g3 b5 21.
Ra6 b4 22. Ne2 Qd5 23. f3 Bb7 24. Raa1 Rxc2 25. Rae1 Qxd3 26. Rf2 a5 27. Be7
Rfc8 28. Qf7 Bd5 29. Qh5 Ba7 0-1

[Event "FIDE World Bl Team Pool A"]
[Site "London ENG"]
[Date "2025.06.14"]
[Round "5.1"]
[White "Moussard, Jules"]
[Black "Eilenberg, Jonas"]
[Result "1-0"]
[WhiteTitle "GM"]
[BlackTitle "FM"]
[WhiteElo "2597"]
[BlackElo "2316"]
[WhiteTeam "Knight Dance"]
[BlackTeam "Berlin Lasker Legends"]
[WhiteFideId "642908"]
[BlackFideId "16204271"]
[EventDate "2025.06.14"]
[EventType "team"]

1. e4 e5 2. Nf3 Nc6 3. Bb5 a6 4. Ba4 Nf6 5. d3 b5 6. Bb3 Be7 7. O-O d6 8. c3 O-O
9. h3 Na5 10. Bc2 c5 11. d4 exd4 12. cxd4 Nc6 13. Nc3 Nb4 14. Bb1 Nd7 15. d5 c4
16. a3 Nd3 17. Bxd3 cxd3 18. Qxd3 Bf6 19. Be3 Re8 20. Rac1 Bb7 21. Rfe1 Rc8 22.
Bd4 Nc5 23. Qd1 Bxd4 24. Nxd4 Qf6 25. Re3 Nd7 26. Nce2 Ne5 27. b3 g6 28. Rec3
Qh4 29. Rc7 Rxc7 30. Rxc7 Bc8 31. f4 Nd7 32. Qc2 Qd8 33. Nc6 Qh4 34. Na7 Nc5 35.
Rxc8 Rxc8 36. Nxc8 1-0

[Event "FIDE World Bl Team Pool A"]
[Site "London ENG"]
[Date "2025.06.14"]
[Round "5.2"]
[White "Yatskar, Martin"]
[Black "Van Foreest, Jorden"]
[Result "0-1"]
[WhiteTitle "CM"]
[BlackTitle "GM"]
[WhiteElo "2225"]
[BlackElo "2687"]
[WhiteTeam "Berlin Lasker Legends"]
[BlackTeam "Knight Dance"]
[WhiteFideId "34109676"]
[BlackFideId "1039784"]
[EventDate "2025.06.14"]
[EventType "team"]

1. d4 Nf6 2. c4 e6 3. Nc3 d5 4. cxd5 exd5 5. Bg5 c6 6. e3 Bd6 7. Bd3 O-O 8. Nf3
Re8 9. h3 Nbd7 10. O-O h6 11. Bf4 Bxf4 12. exf4 Nf8 13. Ne5 Ne6 14. Ne2 Qd6 15.
g3 c5 16. Bc2 cxd4 17. Nxd4 Nxd4 18. Qxd4 Bxh3 19. Rfe1 Rac8 20. Qd3 Qb6 21. Bb3
Red8 22. Rad1 h5 23. Nf3 Bg4 24. Rc1 Rxc1 25. Rxc1 Bxf3 26. Qxf3 g6 27. f5 g5
28. Qe2 Qd4 29. Rc7 Re8 30. Re7 Rxe7 31. Qxe7 Ne4 32. Qe8+ Kg7 33. f6+ Qxf6 34.
f4 gxf4 35. Bxd5 Qd4+ 36. Kg2 Qf2+ 0-1

[Event "FIDE World Bl Team Pool A"]
[Site "London ENG"]
[Date "2025.06.14"]
[Round "5.3"]
[White "Dardha, Daniel"]
[Black "Kunz, Andre"]
[Result "1-0"]
[WhiteTitle "GM"]
[BlackTitle "CM"]
[WhiteElo "2646"]
[BlackElo "2128"]
[WhiteTeam "Knight Dance"]
[BlackTeam "Berlin Lasker Legends"]
[WhiteFideId "240990"]
[BlackFideId "24623652"]
[EventDate "2025.06.14"]
[EventType "team"]

1. e4 c6 2. d3 d5 3. Bf4 Nd7 4. Nf3 g6 5. Nc3 e6 6. d4 Bg7 7. Qd2 Ne7 8. Bh6 O-O
9. h4 dxe4 10. Nxe4 Nf5 11. Bxg7 Kxg7 12. g4 Nh6 13. h5 Nxg4 14. Qf4 f5 15. hxg6
hxg6 16. Neg5 Ndf6 17. O-O-O Qe7 18. Ne5 Nh5 19. Qd2 Nxe5 20. dxe5 f4 21. Ne4 b6
22. Nd6 Bb7 23. Bd3 Rad8 24. Bxg6 Kxg6 25. Rdg1+ Kh6 26. Qe2 f3 27. Qe3+ 1-0

[Event "FIDE World Bl Team Pool A"]
[Site "London ENG"]
[Date "2025.06.14"]
[Round "5.4"]
[White "Stein, Theodor"]
[Black "Maurizzi, Marc'Andria"]
[Result "0-1"]
[BlackTitle "GM"]
[WhiteElo "1877"]
[BlackElo "2607"]
[WhiteTeam "Berlin Lasker Legends"]
[BlackTeam "Knight Dance"]
[WhiteFideId "34602801"]
[BlackFideId "36083534"]
[EventDate "2025.06.14"]
[EventType "team"]

1. Nf3 Nf6 2. g3 b6 3. Bg2 Bb7 4. O-O g6 5. b3 Bg7 6. Bb2 O-O 7. c4 e6 8. Nc3 d6
9. d4 Ne4 10. Nxe4 Bxe4 11. Qd2 Nd7 12. Rac1 a5 13. Qe3 Bb7 14. Rfd1 Nf6 15. h3
Qd7 16. Nd2 Bxg2 17. Kxg2 b5 18. Qd3 b4 19. e4 a4 20. d5 axb3 21. axb3 Ra2 22.
Bd4 e5 23. Be3 Nh5 24. c5 f5 25. c6 Qe7 26. Ra1 Rxa1 27. Rxa1 f4 28. Ba7 Bh6 29.
Nf3 fxg3 30. fxg3 Ra8 31. Bd4 Rxa1 32. Bxa1 Bf4 33. g4 Nf6 34. Bb2 h5 35. g5 Ng4
36. Qe2 Ne3+ 37. Kh1 Qf8 38. Bc1 Nxd5 39. Bxf4 Nxf4 40. Qf1 Qf7 41. Kh2 Qxb3 42.
Nh4 Qc2+ 43. Kh1 Qxe4+ 44. Kh2 Qc2+ 45. Kh1 Qxc6+ 46. Kh2 Qc2+ 47. Kh1 b3 48.
Qb5 Qd1+ 49. Kh2 Qe2+ 50. Kh1 Qd1+ 51. Kh2 Qe2+ 52. Qxe2 Nxe2 0-1

[Event "FIDE World Bl Team Pool A"]
[Site "London ENG"]
[Date "2025.06.14"]
[Round "5.5"]
[White "Roebers, Eline"]
[Black "Ho, Ngoc Hai-Dang"]
[Result "1-0"]
[WhiteTitle "IM"]
[WhiteElo "2356"]
[BlackElo "1932"]
[WhiteTeam "Knight Dance"]
[BlackTeam "Berlin Lasker Legends"]
[WhiteFideId "1058401"]
[BlackFideId "16206509"]
[EventDate "2025.06.14"]
[EventType "team"]

1. e4 e5 2. Nc3 Nf6 3. d4 exd4 4. Qxd4 Nc6 5. Qd3 Bb4 6. Bd2 d6 7. O-O-O O-O 8.
Nge2 Re8 9. Bg5 h6 10. Bxf6 Qxf6 11. Nd5 Qd8 12. Nxb4 Nxb4 13. Qd2 a5 14. a3 Nc6
15. Nc3 Be6 16. f3 Qf6 17. h4 Ne5 18. Be2 Nc4 19. Qd4 Qxd4 20. Rxd4 Ne5 21. f4
Nc6 22. Rd2 f5 23. exf5 Bxf5 24. g4 Be6 25. f5 Bf7 26. g5 Ne5 27. Rg1 hxg5 28.
hxg5 Bc4 29. g6 Rf8 30. Bxc4+ Nxc4 31. Nd5 Rfc8 32. Rh2 c6 33. Rgh1 1-0

[Event "FIDE World Bl Team Pool A"]
[Site "London ENG"]
[Date "2025.06.14"]
[Round "5.6"]
[White "Schuster, Rebekka"]
[Black "Phulpin, Theo"]
[Result "0-1"]
[WhiteElo "1806"]
[BlackElo "1773"]
[WhiteTeam "Berlin Lasker Legends"]
[BlackTeam "Knight Dance"]
[WhiteFideId "24674095"]
[BlackFideId "36001600"]
[EventDate "2025.06.14"]
[EventType "team"]

1. e4 d6 2. Bc4 Nf6 3. d3 g6 4. f4 Bg7 5. Nf3 a6 6. c3 b5 7. Bb3 Bb7 8. O-O e6
9. Be3 O-O 10. Nbd2 Qe7 11. Bc2 c5 12. d4 Nbd7 13. Qe1 Ng4 14. Bf2 Nxf2 15. Qxf2
Rac8 16. f5 exf5 17. exf5 Nf6 18. Rae1 Qc7 19. fxg6 fxg6 20. Qg3 Nh5 21. Qh4 b4
22. Bb1 bxc3 23. bxc3 Qc6 24. g4 Nf4 25. Ng5 0-1

[Event "FIDE World Bl Team Pool A"]
[Site "London ENG"]
[Date "2025.06.14"]
[Round "5.1"]
[White "Chinguun, Sumiya"]
[Black "Sava, Robert-Gabriel"]
[Result "1-0"]
[WhiteTitle "FM"]
[BlackTitle "CM"]
[WhiteElo "2415"]
[BlackElo "2121"]
[WhiteTeam "The MongolZ"]
[BlackTeam "xChess.AI"]
[WhiteFideId "4902572"]
[BlackFideId "1265725"]
[EventDate "2025.06.14"]
[EventType "team"]

1. e4 e6 2. d4 d5 3. Nc3 Bb4 4. e5 b6 5. f4 Qd7 6. Nf3 Bf8 7. Be2 Ba6 8. O-O Ne7
9. Be3 Bxe2 10. Nxe2 Nbc6 11. c3 O-O-O 12. b4 Kb7 13. a4 Nf5 14. Bf2 a5 15. Rb1
axb4 16. Qd3 b3 17. Rxb3 Na5 18. Rb5 Ne7 19. Rfb1 Nec6 20. Nd2 Be7 21. Nc1 Ra8
22. Qf3 g6 23. Nd3 Kc8 24. Rc1 Na7 25. Rbb1 Qc6 26. Qd1 Nc4 27. Nb4 Bxb4 28.
cxb4 b5 29. a5 Qd7 30. Nb3 Nc6 31. Nc5 Qe7 32. Qd3 Kb8 33. Qe2 Ka7 34. Qe1 Nd8
35. Bh4 Qe8 36. Bf6 Rg8 37. Qh4 h5 38. a6 Nc6 39. Rd1 Nb8 40. Ra1 Nc6 41. Qe1
Rb8 42. Qc3 Rb6 43. Ra2 Nb8 44. Rda1 Qc6 45. Bh4 Nd7 46. Be7 Ra8 47. Nxd7 Qxd7
48. Bc5 Qc6 49. Qg3 Kb8 50. Qg5 Raxa6 51. Bxb6 Rxa2 52. Rxa2 Nxb6 53. Ra1 Qc3
54. Rd1 Qxb4 55. Qg3 Nc4 56. Qd3 Nb2 57. Qb1 Qc3 58. Rc1 Qxd4+ 59. Kh1 c5 60.
Rc2 Nc4 61. Qxb5+ Kc7 62. Rc1 Nb6 63. Rb1 c4 64. Qb4 Kb7 65. Qd6 c3 66. Qd7+ Ka6
67. Ra1+ Na4 68. Rxa4+ Kb6 69. Rxd4 1-0

[Event "FIDE World Bl Team Pool A"]
[Site "London ENG"]
[Date "2025.06.14"]
[Round "5.2"]
[White "Rusu, Lucas"]
[Black "Reimanis, Ritvars"]
[Result "1-0"]
[BlackTitle "IM"]
[WhiteElo "2038"]
[BlackElo "2355"]
[WhiteTeam "xChess.AI"]
[BlackTeam "The MongolZ"]
[WhiteFideId "42206472"]
[BlackFideId "11602988"]
[EventDate "2025.06.14"]
[EventType "team"]

1. e4 e6 2. d4 d5 3. Nd2 f5 4. exf5 exf5 5. Ngf3 Nf6 6. b3 Bd6 7. Bb2 O-O 8. Be2
a5 9. a4 Re8 10. O-O Nbd7 11. Re1 c6 12. c4 Ne4 13. Qc2 Ndf6 14. Bd3 Ng4 15. Re2
Be6 16. h3 Ngf6 17. Ne5 Bb4 18. Ndf3 Bd6 19. Bc1 h6 20. Bf4 g5 21. Bh2 f4 22.
Rae1 Rc8 23. c5 Bb8 24. Nd2 b6 25. Nxe4 dxe4 26. Bxe4 Qxd4 27. Nxc6 Nxe4 28.
Nxd4 Bd5 29. c6 Be5 30. Rxe4 Bxe4 31. Qxe4 Bxd4 32. Qg6+ Kf8 33. Rxe8+ Rxe8 34.
Bxf4 gxf4 35. Qd6+ 1-0

[Event "FIDE World Bl Team Pool A"]
[Site "London ENG"]
[Date "2025.06.14"]
[Round "5.3"]
[White "Itgelt, Khuyagtsogt"]
[Black "Badescu, Matei-Andrei"]
[Result "1-0"]
[WhiteTitle "IM"]
[WhiteElo "2425"]
[BlackElo "1947"]
[WhiteTeam "The MongolZ"]
[BlackTeam "xChess.AI"]
[WhiteFideId "4902912"]
[BlackFideId "42213096"]
[EventDate "2025.06.14"]
[EventType "team"]

1. d4 d5 2. c4 e6 3. Nf3 Nf6 4. g3 Be7 5. Bg2 O-O 6. Qc2 c6 7. O-O b6 8. Nbd2
Bb7 9. e4 dxe4 10. Nxe4 Nxe4 11. Qxe4 Nd7 12. Rd1 Nf6 13. Qc2 Qe8 14. Ne5 Rd8
15. Bf4 Bd6 16. c5 bxc5 17. dxc5 Bb8 18. Qb3 Ba8 19. Rxd8 Qxd8 20. Nxc6 Bxc6 21.
Bxc6 Bxf4 22. gxf4 Qd4 23. Rc1 Qxf4 24. Qe3 Qb4 25. b3 Ng4 26. Qe4 Qd2 27. Rc2
Qd1+ 28. Kg2 Nf6 29. Qe2 Qd4 30. Bf3 e5 31. Qe3 Qxe3 32. fxe3 e4 33. Be2 Rc8 34.
a3 Rc7 35. b4 Nd5 36. Kf2 Ne7 37. b5 Nd5 38. a4 g5 39. a5 Nb4 40. Rc4 Nd3+ 41.
Bxd3 exd3 42. c6 f5 43. b6 1-0

[Event "FIDE World Bl Team Pool A"]
[Site "London ENG"]
[Date "2025.06.14"]
[Round "5.4"]
[White "Sava, Christiansen-Danut-Eugen"]
[Black "Nomin-Erdene, Davaademberel"]
[Result "0-1"]
[WhiteTitle "FM"]
[BlackTitle "IM"]
[WhiteElo "2002"]
[BlackElo "2293"]
[WhiteTeam "xChess.AI"]
[BlackTeam "The MongolZ"]
[WhiteFideId "1210114"]
[BlackFideId "4900782"]
[EventDate "2025.06.14"]
[EventType "team"]

1. d4 f5 2. g4 fxg4 3. e4 d6 4. Nc3 g6 5. Be3 Bg7 6. Qd2 Nf6 7. O-O-O Be6 8. Be2
Nbd7 9. h3 g3 10. f4 c5 11. d5 Bg8 12. Nf3 Nh5 13. Bb5 a6 14. Bxd7+ Qxd7 15. e5
O-O-O 16. a4 Qc7 17. e6 Qa5 18. Ne4 Qxa4 19. Kb1 Qxe4 20. Rhf1 g2 21. Rf2 Qb4
22. c3 Qb6 23. Ng5 h6 24. Ne4 Nf6 25. Ng3 Bh7 26. f5 gxf5 27. Bf4 Ne4 28. Nxe4
fxe4 29. Qe3 Bf6 30. Rxg2 Rhg8 31. Rdg1 Rxg2 32. Rxg2 Rg8 33. Rxg8+ Bxg8 34.
Bxh6 Bh7 35. Bg5 Bxg5 36. Qxg5 e3+ 37. Kc1 e2 38. Kd2 Qb5 0-1

[Event "FIDE World Bl Team Pool A"]
[Site "London ENG"]
[Date "2025.06.14"]
[Round "5.5"]
[White "Ulziikhishig Khishigbat"]
[Black "Badescu, Eliza-Ioana"]
[Result "1-0"]
[WhiteTitle "FM"]
[WhiteElo "2266"]
[BlackElo "1832"]
[WhiteTeam "The MongolZ"]
[BlackTeam "xChess.AI"]
[WhiteFideId "4908120"]
[BlackFideId "42214890"]
[EventDate "2025.06.14"]
[EventType "team"]

1. d4 d5 2. c4 e6 3. Nc3 Nf6 4. Bg5 Be7 5. e3 O-O 6. Nf3 b6 7. cxd5 exd5 8. Bd3
Ba6 9. O-O Bxd3 10. Qxd3 Nbd7 11. Ne5 Qe8 12. Nc6 Bd8 13. Rac1 h6 14. Bh4 Nc5
15. dxc5 Qxc6 16. Bxf6 Bxf6 17. Nxd5 bxc5 18. Qf5 Rab8 19. Rxc5 Qd6 20. Nxf6+
Qxf6 21. Qxf6 gxf6 22. b3 Rbc8 23. Rfc1 Rfd8 24. Kf1 Rd2 25. R1c2 Rxc2 26. Rxc2
Kf8 27. Ke2 Ke7 28. Rc6 h5 29. h4 f5 30. g3 Kd7 31. Rf6 Ke7 32. Rxf5 Rh8 33. Ra5
Kd7 34. Rxa7 Kc6 35. Ra6+ Kb7 36. Rf6 Rh7 37. e4 Kc8 38. e5 Kd7 39. Ke3 Ke7 40.
a4 Rh8 41. b4 Rb8 42. b5 Ra8 43. Ra6 Rd8 44. Ra7 Rd7 1-0

[Event "FIDE World Bl Team Pool A"]
[Site "London ENG"]
[Date "2025.06.14"]
[Round "5.6"]
[White "Platschek, Luca"]
[Black "Araya Fuentes, Cristian"]
[Result "1-0"]
[WhiteElo "1626"]
[BlackElo "1921"]
[WhiteTeam "xChess.AI"]
[BlackTeam "The MongolZ"]
[WhiteFideId "1289888"]
[BlackFideId "6502946"]
[EventDate "2025.06.14"]
[EventType "team"]

1. d4 d6 2. Nf3 Nd7 3. e3 e5 4. dxe5 dxe5 5. e4 Ngf6 6. Bd3 Bc5 7. O-O O-O 8. a3
h6 9. b4 Bb6 10. Bb2 Re8 11. h3 c6 12. Nbd2 Qc7 13. Nc4 a5 14. Nxb6 Qxb6 15. Qd2
c5 16. b5 c4 17. Bxc4 Nxe4 18. Qe2 Nd6 19. a4 Qc5 20. Bb3 e4 21. Nh2 Nb6 22. Ba3
Qc7 23. Rad1 Ndc4 24. Bc1 Bf5 25. g3 Bg6 26. Bf4 Qc5 27. Ng4 Rac8 28. Ne3 Nxe3
29. Bxe3 Qc7 30. Qg4 Rcd8 31. Qxg6 Nc4 32. Qg4 Nxe3 33. fxe3 Rxd1 34. Rxd1 Qc3
35. Qf4 Rf8 36. Rd7 Qe1+ 37. Kg2 Qe2+ 38. Qf2 Qh5 39. g4 Qg6 40. Qf5 h5 41. Qxg6 1-0

[Event "FIDE World Bl Team Pool A"]
[Site "London ENG"]
[Date "2025.06.14"]
[Round "6.1"]
[White "Nepomniachtchi, Ian"]
[Black "Chinguun, Sumiya"]
[Result "1-0"]
[WhiteTitle "GM"]
[BlackTitle "FM"]
[WhiteElo "2757"]
[BlackElo "2415"]
[WhiteTeam "WR Chess Team"]
[BlackTeam "The MongolZ"]
[WhiteFideId "4168119"]
[BlackFideId "4902572"]
[EventDate "2025.06.14"]
[EventType "team"]

1. e4 c5 2. Nf3 d6 3. d4 cxd4 4. Nxd4 Nf6 5. Bc4 e6 6. Bd3 a6 7. O-O b6 8. c4
Bb7 9. Nc3 Nbd7 10. Be3 Be7 11. f3 O-O 12. Rc1 Rc8 13. b3 Qc7 14. Qd2 Qb8 15.
Rfd1 Bd8 16. Kh1 h5 17. Bf1 h4 18. Qf2 h3 19. g3 d5 20. cxd5 exd5 21. Nxd5 Nxd5
22. exd5 Rxc1 23. Rxc1 Bxd5 24. Bxh3 Ne5 25. Rd1 Qb7 26. Bg2 Bf6 27. h3 Rc8 28.
f4 Nd7 29. Nf5 Be4 30. Nd6 Bxg2+ 31. Qxg2 Qxg2+ 32. Kxg2 Rc3 33. Nf5 Nc5 34. Rc1
Rd3 35. Bxc5 bxc5 36. Rxc5 Rd2+ 37. Kf3 Rxa2 38. Nd6 Rb2 39. Rc8+ Kh7 40. Nxf7
Rxb3+ 41. Kg4 Rb7 42. Rh8+ Kg6 43. Nd6 Rb4 44. h4 Be7 45. Nf5 Bf6 46. h5+ Kf7
47. Ra8 Ra4 48. Ra7+ Kf8 49. h6 gxh6 50. Nxh6 Be7 51. Ra8+ Kg7 52. Nf5+ Kf6 53.
Nxe7 Kxe7 54. Kg5 Ra1 55. f5 a5 56. Ra7+ Kd6 57. f6 a4 58. f7 Rf1 59. Kg6 Rf3
60. g4 a3 61. g5 Ke6 62. Kg7 a2 63. f8=R a1=B+ 64. Rxa1 1-0

[Event "FIDE World Bl Team Pool A"]
[Site "London ENG"]
[Date "2025.06.14"]
[Round "6.3"]
[White "Vachier-Lagrave, Maxime"]
[Black "Itgelt, Khuyagtsogt"]
[Result "1/2-1/2"]
[WhiteTitle "GM"]
[BlackTitle "IM"]
[WhiteElo "2736"]
[BlackElo "2425"]
[WhiteTeam "WR Chess Team"]
[BlackTeam "The MongolZ"]
[WhiteFideId "623539"]
[BlackFideId "4902912"]
[EventDate "2025.06.14"]
[EventType "team"]

1. e4 e5 2. Nf3 Nc6 3. Bb5 a6 4. Ba4 Nf6 5. O-O b5 6. Bb3 Bc5 7. a4 Rb8 8. c3 d6
9. d4 Bb6 10. a5 Ba7 11. h3 Bb7 12. Re1 O-O 13. Be3 exd4 14. cxd4 Nb4 15. Nc3
Bxe4 16. Nxe4 Nxe4 17. Rc1 c5 18. dxc5 Bxc5 19. Nd4 Qf6 20. f3 Ng3 21. Qd2 Rfe8
22. Bf2 Nf5 23. Nxf5 Qxf5 24. Rcd1 h6 25. Bxc5 dxc5 26. Qd6 Rbd8 27. Rxe8+ Rxe8
28. Bd5 Nxd5 29. Rxd5 Qb1+ 30. Kh2 Re1 31. Qxc5 Rh1+ 32. Kg3 Qg6+ 33. Kf2 Rb1
34. Rd2 Kh7 35. Qc2 Qxc2 36. Rxc2 b4 37. Ke3 b3 38. Rd2 Ra1 39. Kd3 Rxa5 40. Kc4
Rb5 41. Rd6 Re5 42. Rd2 Rb5 43. Rd3 Kg6 44. Rxb3 Ra5 45. Rb7 h5 46. h4 Ra2 47.
g3 f6 48. Kd3 Ra4 49. b4 Ra3+ 50. Ke4 Ra4 51. Ke3 Ra3+ 52. Kf2 a5 53. bxa5 Rxa5 1/2-1/2

[Event "FIDE World Bl Team Pool A"]
[Site "London ENG"]
[Date "2025.06.14"]
[Round "6.4"]
[White "Nomin-Erdene, Davaademberel"]
[Black "Duda, Jan-Krzysztof"]
[Result "0-1"]
[WhiteTitle "IM"]
[BlackTitle "GM"]
[WhiteElo "2293"]
[BlackElo "2725"]
[WhiteTeam "The MongolZ"]
[BlackTeam "WR Chess Team"]
[WhiteFideId "4900782"]
[BlackFideId "1170546"]
[EventDate "2025.06.14"]
[EventType "team"]

1. f4 d5 2. Nf3 g6 3. g3 Bg7 4. Bg2 c6 5. O-O Qb6+ 6. d4 Nh6 7. a4 a5 8. c3 Nd7
9. Ne5 Nf5 10. e3 h5 11. Qe2 Nf6 12. Nd2 Nd6 13. Ndf3 Bf5 14. c4 Qa6 15. b3 Nfe4
16. Ba3 f6 17. Nd3 dxc4 18. Nc5 Nxc5 19. dxc5 Bd3 20. Qe1 Ne4 21. bxc4 Qxc4 22.
Nd4 f5 23. Rc1 Qxa4 24. Bb2 Qb4 25. Rf2 Qxe1+ 26. Rxe1 Nxf2 27. Kxf2 Kf7 28. Ra1
a4 29. Ra3 Bc4 30. e4 fxe4 31. Bxe4 Rhd8 32. Ke3 e5 33. fxe5 Bxe5 0-1

[Event "FIDE World Bl Team Pool A"]
[Site "London ENG"]
[Date "2025.06.14"]
[Round "6.5"]
[White "Hou, Yifan"]
[Black "Ulziikhishig Khishigbat"]
[Result "0-1"]
[WhiteTitle "GM"]
[BlackTitle "FM"]
[WhiteElo "2633"]
[BlackElo "2266"]
[WhiteTeam "WR Chess Team"]
[BlackTeam "The MongolZ"]
[WhiteFideId "8602980"]
[BlackFideId "4908120"]
[EventDate "2025.06.14"]
[EventType "team"]

1. d4 Nf6 2. Nc3 e6 3. Bf4 d5 4. e3 Bd6 5. Qf3 c6 6. g4 h6 7. h4 Bb4 8. Bd3 Qa5
9. Ne2 c5 10. g5 Ng8 11. Be5 c4 12. Bxg7 cxd3 13. Bxh8 dxe2 14. Kxe2 Bxc3 15.
bxc3 Qxc3 16. Rac1 Qc4+ 17. Kd2 Bd7 18. Bg7 hxg5 19. hxg5 Nc6 20. Rh8 O-O-O 21.
Qxf7 Nge7 22. Rxd8+ Kxd8 23. Bf6 Qb4+ 24. c3 Qb2+ 25. Rc2 Qb1 26. g6 Be8 27. Qf8
Kd7 28. g7 Bg6 29. Rc1 Qb2+ 30. Kd1 Bh5+ 31. f3 Bxf3+ 0-1

[Event "FIDE World Bl Team Pool A"]
[Site "London ENG"]
[Date "2025.06.14"]
[Round "6.1"]
[White "Eilenberg, Jonas"]
[Black "Oro, Faustino"]
[Result "1/2-1/2"]
[WhiteTitle "FM"]
[BlackTitle "IM"]
[WhiteElo "2316"]
[BlackElo "2465"]
[WhiteTeam "Berlin Lasker Legends"]
[BlackTeam "Turkish Airlines Sports Club"]
[WhiteFideId "16204271"]
[BlackFideId "20000197"]
[EventDate "2025.06.14"]
[EventType "team"]

1. d4 Nf6 2. c4 e6 3. Nc3 d5 4. cxd5 exd5 5. Bg5 Bb4 6. Qc2 h6 7. Bh4 Nc6 8. e3
g5 9. Bg3 h5 10. Bb5 h4 11. Be5 O-O 12. h3 Ne4 13. Bh2 Qe7 14. Ne2 Bf5 15. Bd3
Nxc3 16. bxc3 Bxd3 17. Qxd3 Bd6 18. Bxd6 Qxd6 19. O-O Rae8 20. Qf5 Qd8 21. Rab1
Na5 22. Rb5 c6 23. Rxa5 Qxa5 24. Qxg5+ Kh7 25. Qxh4+ Kg7 26. Qg5+ Kh7 27. Qf5+
Kh6 28. Qf6+ Kh7 29. Qf5+ Kh6 30. Qf6+ 1/2-1/2

[Event "FIDE World Bl Team Pool A"]
[Site "London ENG"]
[Date "2025.06.14"]
[Round "6.2"]
[White "Ahmad, Khagan"]
[Black "Yatskar, Martin"]
[Result "1-0"]
[WhiteTitle "IM"]
[BlackTitle "CM"]
[WhiteElo "2394"]
[BlackElo "2225"]
[WhiteTeam "Turkish Airlines Sports Club"]
[BlackTeam "Berlin Lasker Legends"]
[WhiteFideId "13431552"]
[BlackFideId "34109676"]
[EventDate "2025.06.14"]
[EventType "team"]

1. d4 d5 2. c4 e6 3. Nf3 c5 4. cxd5 exd5 5. Nc3 Nf6 6. g3 Nc6 7. Bg2 Be7 8. O-O
O-O 9. dxc5 Bxc5 10. Na4 Be7 11. Be3 Bg4 12. Bc5 Re8 13. h3 Bxf3 14. Bxf3 Ne4
15. Bxe7 Rxe7 16. Nc3 Nxc3 17. bxc3 Re5 18. Rb1 Qd7 19. Kg2 Rd8 20. Rb5 a6 21.
Rb6 Qc7 22. Qb3 Na5 23. Qb4 Nc4 24. Rxb7 Qc6 25. Rd1 h5 26. Rb8 Rxb8 27. Qxb8+
Kh7 28. Qd8 Nb6 29. c4 Nxc4 30. Rxd5 Qe6 31. Rd4 Na5 32. Rd6 Qf5 33. Rxa6 Nc4
34. Qd3 Qxd3 35. exd3 Nd2 36. d4 Re1 37. Bxh5 g6 38. Bf3 Kg7 39. Ra7 Kf6 40. Bd5
Kg5 41. Rxf7 Nb1 42. h4+ Kh6 43. g4 1-0